000 00612nam a22001697a 4500
008 151127b xxu||||| |||| 00| 0 eng d
020 _a0802814034
050 _aBS2615.3
_b.T37 1960
100 _a Tasker, R. V. G. (Randolph Vincent Greenwood), 1895- 245 14
245 _aThe Gospel according to St. John,
_ban introduction and commentary /
_cby R. V. G. Tasker.
260 _aGrand Rapids :
_bEerdmans,
_c1960
300 _a237 p. ;
_c21 cm.
440 _aThe Tyndale New Testament commentaries
500 _aIncludes bibliography.
630 _e Bible. N.T.
_vJohn
_xCommentaries.
942 _2lcc
_cBK
999 _c45410
_d45410